000 00308nam a22001337a 4500
008 210303b ||||| |||| 00| 0 eng d
020 _a0803683103
041 _aeng
080 _216th
_a61
100 _a3
101 _aSHM
245 _aTaber's Cyclopedic Medical Dictionary
_cThomas,L.C
942 _2udc
_cBK
999 _c55619
_d55619